Statistics for Vocabulary starting with N

Click here to take the quiz!

General Stats

  • This quiz has been taken 23 times
  • The average score is 10 of 30

Answer Stats

HintAnswer% Correct
A sentimental longing or wistful affection for the past, typically for a period or place with happy personal associations.Nostalgia
89%
Famous or well-known, typically for some bad quality or deed.Notorious
79%
A subtle difference in meaning, expression, or sound.Nuance
68%
A mythological spirit of nature imagined as a beautiful maiden inhabiting rivers, woods, or other locations.Nymph
68%
Relating to marriage or weddings.Nuptial
63%
Showing a lack of experience, wisdom, or judgment.Naive
58%
Living the life of a wanderer; roaming about from place to place aimlessly, frequently, or without a fixed pattern of movement.Nomadic
58%
A cloud of gas and dust in outer space, visible in the night sky either as an indistinct bright patch or as a dark silhouette against other luminous matter.Nebula
53%
To give a spoken or written account of something.Narrate
47%
In the form of a cloud or haze; hazy.Nebulous
37%
The rejection of all religious and moral principles, often in the belief that life is meaningless.Nihilism
37%
A person new to or inexperienced in a field or situation.Novice
37%
A substance that provides nourishment essential for growth and the maintenance of life.Nutrient
37%
Wicked or criminal.Nefarious
32%
Failing to take proper care over something.Negligent
32%
To bite or nibble gently.Nib
32%
To rub or push against gently with the nose and mouth.Nuzzle
32%
A papal ambassador to a foreign court or government.Nuncio
26%
The death of cells or tissues through injury or disease, especially in a localized area of the body.Necrosis
21%
Rejecting all religious and moral principles in the belief that life is meaningless.Nihilistic
21%
Possessing outstanding qualities or nobility of mind and character.Noble
21%
Feeling or appearing casually calm and relaxed; not displaying anxiety, interest, or enthusiasm.Nonchalant
21%
Resembling or having the qualities of mother-of-pearl; pearly.Nacreous
16%
A newly coined word or phrase that has not yet gained wide acceptance in the language.Neologism
16%
Having an extremely offensive smell.Noisome
16%
To be preoccupied with petty details or minor problems, often unnecessarily.Niggle
11%
Swimming or floating in water.Natant
5%
A structural and functional unit of the kidney, consisting of a mass of convoluted tubules and associated blood vessels.Nefron
5%
Harmful or poisonous.Nocuous
5%
A genus of blue-green algae.Nostoc
5%

Score Distribution

Percentile by Number Answered

Percent of People with Each Score

Your Score History

You have not taken this quiz